| 000 | 00895nac a22002777a 4500 | ||
|---|---|---|---|
| 001 | BR0103514 | ||
| 003 | BR-BrBNA | ||
| 005 | 20240105122608.0 | ||
| 008 | 230509b bl.|||m| |||| 00| 0 por d | ||
| 040 |
_aBR-BrBNA _bpor _cBiblioteca Nacional de Agricultura |
||
| 072 | _aE70 | ||
| 090 | _aE70 BR0103514 | ||
| 110 | 1 |
_aInstituto Brasileiro de Geografia e Estatistica, Rio de Janeiro, RJ (Brasil) _95785 |
|
| 245 | 1 | _aMERCOSUR: sinopsis estadistica; MERCOSUL: sinopse estatistica | |
| 260 | 3 |
_aRio de Janeiro, RJ (Brasil): _c1999. |
|
| 300 | _a507 p. | ||
| 490 |
_aMERCOSUL. Sinopse Estatistica (Brazil) _vno. 3-4 _xISSN 1021-7398 |
||
| 650 | _aEstatistica de Producao | ||
| 650 | _aComercio Exterior | ||
| 650 | _aAgricultura | ||
| 650 | _aPesca | ||
| 650 | _aPecuaria | ||
| 650 | _aDados Estatisticos | ||
| 909 |
_a202312 _bLúcia Elande _c55 _dLúcia Elande |
||
| 942 |
_2AGRIS _n0 _cMS |
||
| 999 |
_c291836 _d291836 |
||